00916nam a2200217 i 450000100060000000300090000600500170001500700030003200800410003508000150007610000300009124502050012125000130032626000350033930000380037465100830041270000380049585200220053399900170055595201260057295089ES-MaACL20250730153546.0t|050523s1959 sp af |||| | spa d a970/80"15"1 aLummis, Charles F.97474514aLos exploradores españoles del siglo XVI b: vindicación de la acción colonizadora española en América / cversión Charles F. Lummis ; con datos biográficos del autor por Arturo Cuyás. a15ª ed. aBarcelona : bAraluce, c1959. a264 p., 3 h., 9 lám. ; c23 cm. 4aAmérica española-xHistoria-y1492-1600 (Descubrimiento y conquista)977241 aCuyás Armengol, Arturo.9148645 aES-MaACLjC-17195 c95089d95089 00104070aATENEOMbATENEOMcGaleríad2008-01-17eSCl0oC-17195p1099298r2023-02-23 00:00:00w2023-02-23yMONOGRAFIA